| 000 | 01216nam a22002777a 4500 | ||
|---|---|---|---|
| 999 |
_c44584 _d44584 |
||
| 001 | 18096 | ||
| 003 | CO-MdFUSB | ||
| 005 | 20190202100232.0 | ||
| 008 | 180509t1995 sp ||||| |||| 00| 0 spa d | ||
| 020 | _a84-301-1273-1 | ||
| 040 |
_aCO-MdFUSB _bspa _cCO-MdFUSB _dCO-MdFUSBC _erda |
||
| 041 |
_aspa _hita |
||
| 082 | 0 | 4 | _aG 230 F737t |
| 100 | 1 |
_aForte, Bruno (1949-) _eautor |
|
| 245 | 1 | 0 |
_aTeología de la historia _b : ensayo sobre revelación, protología y escatología _c/ Forte, Bruno ; traducido por Alfonso Ortiz García |
| 264 | 4 |
_aSalamanca : _b sígueme, _c©1995 |
|
| 300 | _a410 p. | ||
| 336 |
_2rdacontent _atexto _btxt |
||
| 337 |
_2rdamedia _asin mediación _bn |
||
| 338 |
_2rdacarrier _avolumen _bnc |
||
| 500 | _aTítulo original en italiano: Teologia della storia | ||
| 501 | _arústico | ||
| 505 | 0 | 0 | _aRevelación: Problema y fundamento para la teología trinitaria de la revelación, el silencio del ser, la palabra en la historia: el lenguaje, El encuentro eterno: el misterio del Espíritu -- Comienzo: en la crisis ecológica, El comienzo en la trinidad -- Cumplimiento: en la crisis del sentido -- La trinidad como sentido |
| 650 | 0 |
_aTeología doctrinal _xHistoria _9159 |
|
| 942 | _cBK | ||